Obyčejná slůvka

Hlavní autor: Filipová, Lenka, 1954-
Další autoři: Rytíř, Zdeněk, 1944-2013, Svoboda, Milan D., 1946-
Jazyk: Čeština
Vydáno: Praha : Supraphon, 1985
Vydání: 1. vyd.
Edice: ARR '85
Fyzický popis: 18 s.
Hudebniny Hudebniny
Uloženo v:
LEADER 00868ncm a22002652a 4500
001 001200192
003 CZ BrMZK
005 20120323110418.0
007 qu
008 120313s1985 xr |||||||||||||||||cze d
040 |a BOA001  |b cze 
072 7 |a 784  |x Vokální hudba  |2 Konspekt  |9 9 
100 1 |a Filipová, Lenka,  |d 1954-  |7 jn19981001128  |4 cmp 
245 1 0 |a Obyčejná slůvka  |h [hudebnina] /  |c Lenka Filipová, Z. Rytíř ; upravil Milan D. Svoboda 
250 |a 1. vyd. 
260 |a Praha :  |b Supraphon,  |c 1985 
300 |a 18 s. 
490 1 |a ARR '85 ;  |v 33 
700 1 |a Rytíř, Zdeněk,  |d 1944-2013  |7 jk01103428  |4 cmp 
700 1 |a Svoboda, Milan D.,  |d 1946-  |7 jx20110404033  |4 arr 
830 0 |a ARR '85 
910 |a BOA001  |b Mus4-0895.795 
990 |a MU 
991 |b 201203 
996 6 |b 2619070922  |c Mus4-0895.795  |l MZK  |r Sklad / do 1 hodiny  |n 0  |w 001233754  |u 000010  |a 1  |e BOA001  |j MZK50  |s P